000 00402nam a2200157Ia 4500
008 240729s9999 xx 000 0 und d
022 _a2296-2646
245 0 _aFrontiers in Chemistry
260 _aSwitzerland
260 _bFrontiers Media S.A.
650 _a Chemistry
650 _aScience
856 _uhttps://doaj.org/toc/b699592d672e4be9a310fb962ec5d8d7
942 _2ddc
942 _cDOAJEJ
999 _c67322
_d67322
945 _a1
_bMadushi Gamage
_c1
_dMadushi Gamage